| 000 | 00337nam a22001337a 4500 | ||
|---|---|---|---|
| 005 | 20260323102203.0 | ||
| 008 | 260323b |||||||| |||| 00| 0 eng d | ||
| 040 | _cFLL | ||
| 041 |
_2eng _aeng |
||
| 100 |
_aGarg, Aashi _91137533 |
||
| 245 | _aAge Dilemma Across Legislations | ||
| 260 |
_aDU _bFaculty of Law _c2023 |
||
| 942 |
_2CC _cDIS |
||
| 999 |
_c1726336 _d1726336 |
||